00945nam a2200289 i 4500003000900000005001700009007000300026008004100029040003000070041000800100082002200108100004600130110000800176245006100184264004500245300002800290336002700318337003300345338002800378590002600406650002400432650002600456910000700482942001400489952013500503999001700638DO-SdBNP20250623135459.0ta250623s1989 dr 000 0 spa d aDO-SdBNPbspacBNPHUerda hspa a861.44bT796p2221 aTrespalacios, Ramóneautor4aut.988169 944710aPáginas... del libro del dolor /cRamón Trespalacios 1aSanto Domingo :bEditora Corripio,c1989 a108 páginas ;c24 cm. atextobtxt2rdacontent asin mediaciónbn2rdamedia avolumenbnc2rdacarrier aInventariado, 2025/DG 4aPoesía dominicana 4aLiteratura dominicana aDG 2ddccLBS1 00102ddc51708PDaBNPHUbBNPHUcCTd2025-06-23edonaciónl0oBNPHU PD RD861.44 T796pp2025-5450r2025-06-23w2025-06-23yLBS1 c59364d59364